Estadísticas para Países más cercanos a Mali

Haz click aquí para intentar la prueba.

Estadísticas generales

  • Esta prueba ha sido intentada 33 veces
  • La puntuación promedio es 18 de 20

Estadísticas de respuestas

kmpaís% Correcto
0Argelia
100%
363Marruecos
100%
0Senegal
100%
326Benín
96%
1018Chad
96%
0Côte d'Ivoire
96%
226Ghana
96%
0Guinea
96%
0Mauritania
96%
0Níger
96%
214Nigeria
96%
393Togo
96%
0Burkina Faso
93%
208Guinea-Bissau
93%
867Libia
89%
223Sierra Leona
89%
189Gambia
86%
281Liberia
86%
816España
68%
238Sahara Occidental
43%

Distribución de puntuación

Porcentaje por número respondido

Porcentaje de gente con cada puntuación

Historial de tus puntuaciones

No has intentado esta prueba.